Kapor..

Bibliographic Details
Main Author: Kr (Author)
Format: Article
Language:Slovak
PhysicalDescription:Obr. 1.
Subjects:

MARC

LEADER 00000nab a2200000 a 4500
001 vtls000422624
003 SK-MaSNL
005 20260304082543.0
008 250424c1991 xo 0 slo
015 |a SNBRB19rr/mm-uuuuu 
035 |a CL0422752 
035 |a urn:nbn:sk:snk-abeny0 
035 |a (urnnbn)urn:nbn:sk:snk:ar-006y9l 
035 |a (uuid)5c4c2bee-0d40-46ce-9228-1f26a08f69ad 
040 |a SNKBUCL  |b slo  |c SNKBUCL  |e AACR2 
041 0 |a slo 
044 |a xo  |c SK 
080 |a 639.215.081.4  |2 1981 
100 1 |a Kr  |4 aut  |9 846899 
245 1 0 |a Kapor..  |c KR 
300 |b Obr. 1. 
650 0 7 |a kapry  |2 snkbucl  |9 991087 
655 7 |a články z novín a časopisov  |2 snkbucl  |9 267496 
773 0 |t Poľovníctvo a rybárstvo  |g Roč. 43, č. 7 (1991), s. 36-37 
850 |a Slovenská národná knižnica 
852 |a Slovenská národná knižnica 
958 |a article27 
958 |a OND 
958 |a RK 
992 |a RBX 
999 |c 2796921  |d 2798851